Rna Therapeutics: The Evolving Landscape Of Rna Therapeutics 1Ed (Record no. 569683)

MARC details
000 -LEADER
fixed length control field 00488nam a2200169Ia 4500
008 - FIXED-LENGTH DATA ELEMENTS--GENERAL INFORMATION
fixed length control field 250326s9999 xx 000 0 und d
020 ## - INTERNATIONAL STANDARD BOOK NUMBER
ISBN 9780128215951
Paper back/Hardbound PBK
082 ## - DEWEY DECIMAL CLASSIFICATION NUMBER
Classification number 615.36
Item number GIA
100 ## - MAIN ENTRY--AUTHOR NAME
Personal name Giangrande, Paloma
245 #0 - TITLE STATEMENT
Title Rna Therapeutics: The Evolving Landscape Of Rna Therapeutics 1Ed
Statement of responsibility, etc Giangrande, Paloma
250 ## - EDITION STATEMENT
Edition statement 1
260 ## - PUBLICATION, DISTRIBUTION, ETC. (IMPRINT)
Name of publisher Academic Press
Year of publication 2022
Place of publication United Kingdom
300 ## - PHYSICAL DESCRIPTION
Number of Pages 472 pages
650 ## - SUBJECT ADDED ENTRY--TOPICAL TERM
Topical Term Biochemistry
942 ## - ADDED ENTRY ELEMENTS (KOHA)
Koha item type English Books
Holdings
Withdrawn status Lost status Damaged status Not for loan Home library Current library Shelving location Date acquired Full call number Accession Number Price effective from Koha item type
        Anna Centenary Library Anna Centenary Library 5TH FLOOR, B WING 26.03.2025 615.36 GIA 701983 26.03.2025 Reference

Find us on the map